Supplément au catalogue : (Record no. 185239)

MARC details
000 -LEADER
campo de control de longitud fija 00676nam a2200181 i 4500
001 - NÚMERO DE CONTROL
campo de control 185239
003 - IDENTIFICADOR DE NÚMERO DE CONTROL
campo de control ES-MaACL
005 - FECHA Y HORA DE LA ÚLTIMA TRANSACCIÓN
campo de control 20230906222358.0
008 - DATOS DE LONGITUD FIJA--INFORMACIÓN GENERAL
campo de control de longitud fija 160422m19061915fr |||| | fre d
110 2# - ENTRADA PRINCIPAL--NOMBRE DE ENTIDAD CORPORATIVA
Nombre de entidad corporativa o nombre de jurisdicción como elemento de entrada V. Giard & E. Brière.
9 (RLIN) 159300
245 10 - MENCIÓN DEL TÍTULO
Título Supplément au catalogue :
Resto del título Ouvrages du fonds.
260 ## - PUBLICACIÓN, DISTRIBUCIÓN, ETC.
Lugar de publicación, distribución, etc. Paris :
Nombre del editor, distribuidor, etc. V. Giard & E. Brière,
Fecha de publicación, distribución, etc. 1906-1915.
300 ## - DESCRIPCIÓN FÍSICA
Extensión 3 v. ;
Dimensiones 22 cm.
505 8# - NOTA DE CONTENIDO CON FORMATO
Nota de contenido con formato Contiene: Parus en 1904, 1905 & 1906 -- Parus en 1908 & 1909 -- Parus pendant les annés scolaires 1911-1912 à 1913-1914
610 24 - PUNTO DE ACCESO ADICIONAL DE MATERIA--NOMBRE DE ENTIDAD CORPORATIVA
Nombre de entidad corporativa o nombre de jurisdicción como elemento de entrada V. Giard & E. Brière-
Subdivisión de forma Catálogos.
9 (RLIN) 159423
650 #4 - PUNTO DE ACCESO ADICIONAL DE MATERIA--TÉRMINO DE MATERIA
Término de materia o nombre geográfico como elemento de entrada Libros-
Subdivisión de forma Catálogos comerciales.
9 (RLIN) 159004
852 ## - LOCALIZACIÓN
Ubicación ES-MaACL
Número de control de estantería 1529-F-4-6
Holdings
Estatus retirado Estado de pérdida Estado de daño No para préstamo Colección Biblioteca de origen Biblioteca actual Ubicación en estantería Fecha de adquisición Fuente de adquisición Total de préstamos Signatura topográfica completa Código de barras Visto por última vez Precio de reemplazo Tipo de ítem Koha
        Colección de folletos Biblioteca del Ateneo de Madrid Biblioteca del Ateneo de Madrid Depósito folletos 22/04/2016     1529-F-4-6 1195150 23/02/2023 23/02/2023 Folleto